| Tag |
First Indicator |
Second Indicator |
Subfields |
| LEADER |
00000cam a2200000 a 4500 |
| 001 |
in00002550721 |
| 005 |
20151201152749.0 |
| 008 |
100126s2010 mdu b 001 0 eng |
| 010 |
|
|
|a 2010002988
|
| 020 |
|
|
|a 9780742599659 (cloth : alk. paper)
|
| 020 |
|
|
|a 0742599655 (cloth : alk. paper)
|
| 020 |
|
|
|a 9780742599673 (electronic)
|
| 020 |
|
|
|a 0742599671 (electronic)
|
| 035 |
|
|
|a (OCoLC)ocn505017556
|
| 040 |
|
|
|a DLC
|c DLC
|d UtOrBLW
|
| 043 |
|
|
|a n-us---
|
| 049 |
|
|
|a TXAM
|
| 050 |
0 |
0 |
|a KF4930
|b .C66 2010
|
| 082 |
0 |
0 |
|a 328.73/0769
|2 22
|
| 100 |
1 |
|
|a Connelly, William F.,
|d 1951-
|
| 245 |
1 |
0 |
|a James Madison rules America :
|b the constitutional origins of congressional partisanship /
|c William F. Connelly, Jr.
|
| 264 |
|
1 |
|a Lanham, Md. :
|b Rowman & Littlefield Publishers,
|c [2010]
|
| 264 |
|
4 |
|c ©2010
|
| 300 |
|
|
|a x, 339 pages ;
|c 24 cm.
|
| 336 |
|
|
|a text
|b txt
|2 rdacontent
|
| 337 |
|
|
|a unmediated
|b n
|2 rdamedia
|
| 338 |
|
|
|a volume
|b nc
|2 rdacarrier
|
| 504 |
|
|
|a Includes bibliographical references and index.
|
| 505 |
0 |
|
|a Congressional party strategy -- House Democrats: the wilderness years -- House Republicans: Newt the anti-federalist? -- Woodrow Wilson's Congressional government -- Alexis de Tocqueville's Congress -- The Federalist revisited -- Practical consequences of constitutional principle: the 1790s -- Practical consequences of constitutional principle: the 1980s and 1990s -- James Madison rules America : just ask Newt and Nancy.
|
| 650 |
|
0 |
|a Constitutional law
|z United States.
|
| 610 |
1 |
0 |
|a United States.
|b Congress
|x History.
|
| 610 |
1 |
0 |
|a United States.
|b Congress
|x Decision making.
|
| 650 |
|
0 |
|a Political culture
|z United States
|x History.
|
| 650 |
|
0 |
|a Politics, Practical
|z United States
|x History.
|
| 650 |
|
0 |
|a Separation of powers
|z United States
|x History.
|
| 651 |
|
0 |
|a United States
|x Politics and government.
|
| 945 |
|
|
|a PromptCat
|
| 946 |
|
|
|a stk
|
| 947 |
|
|
|a A14840188497
|
| 948 |
|
|
|a cataloged
|b h
|c 2010/7/16
|d c
|e dmitchel
|f 8:00:00 am
|
| 994 |
|
|
|a 92
|b TXA
|
| 999 |
|
|
|a MARS
|
| 999 |
f |
f |
|s 54ae507b-9fff-363f-9337-0a61672cd998
|i aa98a092-e52e-31a0-9c06-3841ff4d740f
|t 0
|
| 952 |
f |
f |
|p normal
|a Texas A&M University
|b College Station
|c Sterling C. Evans Library
|d Evans: Library Stacks
|t 0
|e KF4930 .C66 2010
|h Library of Congress classification
|i unmediated -- volume
|m A14840188497
|
| 998 |
f |
f |
|a KF4930 .C66 2010
|t 0
|l Evans: Library Stacks
|